Aspectos relevantes de la diversificación productiva a nivel de la firma (Registro nro. 22889)

Detalles MARC
000 -LEADER
fixed length control field 00421 a2200133 4500
001 - CONTROL NUMBER
control field ART_48673
005 - DATE AND TIME OF LATEST TRANSACTION
control field 20260410161827.0
008 - FIXED-LENGTH DATA ELEMENTS--GENERAL INFORMATION
fixed length control field 260409a
100 1# - MAIN ENTRY--PERSONAL NAME
Personal name Barberis Bosch, Francisco
245 10 - TITLE STATEMENT
Title Aspectos relevantes de la diversificación productiva a nivel de la firma
700 1# - ADDED ENTRY--PERSONAL NAME
Personal name Mauro, Lucía
700 1# - ADDED ENTRY--PERSONAL NAME
Personal name Graña, Fernando
773 0# - HOST ITEM ENTRY
Title FACES
Related parts - Año 23, Nº 48 (ene./jun. 2017)
Record control number REV5046

No hay ítems disponibles.